000 00302nam a2200133Ia 4500
005 20251222143237.0
008 251222s9999||||xx |||||||||||||| ||spa||
020 _a958-9042-29-3
082 _a658.575/R84
100 _aRosenau, Milton D.
245 0 _aInnovación:
264 _bLegis
942 _cLIB
999 _c14433
_d14433